00451nam a22001577a 450000500170000000800410001702000160005802200130007404100120008708200120009910000120011124500650012326000560018830000240024465000250026820240809134906.0240809b |||||||| |||| 00| 0 eng d a0409016772  a03789373 aEnglish a349 SOU lEnglish aIndex and Noter-Up to the South African Law Reports 1991-93  aDurban: bButterworth Publishers (Pty) Ltd, c1994  b340 pages; c25 cm. aLegal practice bLaw